000 00574nam a2200229Ia 4500
001 3097
003 GE_BSU
008 181216s||||||||xx |||||||||||||| ||und||
020 _a5721800992
040 _cGE_BSU
080 _a336(075.8)
100 _aСкрипкин К.Г.
245 _aФинансовая информатика
245 _bУчебное пособие
260 _aМосква
260 _bТЕИС
260 _c1997
300 _a160 с. 20 см.
541 _h6 л.
653 _aФинансовая информация
942 _cBK
999 _c37141
_d37141